Normal view
MARC view
Entry Personal Name
001 - CONTROL NUMBER
- control field: 1236375
003 - CONTROL NUMBER IDENTIFIER
- control field: OSt
005 - DATE AND TIME OF LATEST TRANSACTION
- control field: 20260430150055.0
008 - FIXED-LENGTH DATA ELEMENTS
- fixed length control field: 260430|| aca||aabn | a|a d
040 ## - CATALOGING SOURCE
- Original cataloging agency: OSt
- Transcribing agency: OSt
100 ## - HEADING--PERSONAL NAME
- Personal name: Kaushik Deepak Au.; Dass Poonam Gu
670 ## - SOURCE DATA FOUND
- Source citation: Work cat.: (OSt)1848880: Kaushik Deepak Au.; Dass Poonam Gu., Applicability of international trade law principles and commitments over e-commerce: critical analysis of a cros border trade, 2021
